| 000 | 00681nam a2200253 a 4500 | ||
|---|---|---|---|
| 001 | 0000578 | ||
| 003 | DO-SdBNP | ||
| 005 | 20180131132802.0 | ||
| 007 | 0000578 | ||
| 008 | 140711s 1955 sp a 000 0 spa d | ||
| 040 |
_aBPMSU _bspa _cBPMSU |
||
| 100 | 1 | _aFortun, Elena | |
| 245 | 1 | 0 |
_aMila, Piolín y el Burro / _cElena Fortun |
| 250 | _a2a. ed. | ||
| 260 |
_aMadrid : _bAguilar, _c1955. |
||
| 300 |
_a171 p. ; _bil. _c18 cm. |
||
| 490 | 1 | _aLecturas juveniles | |
| 650 | 4 | _aPOESÍA ÉPICA GRIEGA | |
| 650 | 4 | _aLITERATURA GRIEGA | |
| 830 | 0 | _aLecturas juveniles | |
| 942 |
_2ddc _cBK |
||
| 945 | _aInventariado extranjero / 2018 VM | ||
| 956 |
_aYLOCKWARD _b10 _lBND01 _h1027 |
||
| 999 |
_c11047 _d11047 |
||